|
|
|
|
| LEADER |
00000nam a2200000 i 4500 |
| 001 |
DIGUPERCA0009 |
| 003 |
NyNyDIG |
| 006 |
m o d |
| 007 |
cr ||||||||||| |
| 008 |
200724s2015 pe a ob 000 0 spa d |
| 035 |
|
|
|a (OCoLC)1191862122
|
| 040 |
|
|
|a DGITA
|b eng
|e rda
|e pn
|c DGITA
|
| 020 |
|
|
|a 9786123180072
|q eBook
|q pdf
|
| 020 |
|
|
|a 612318007X
|q eBook
|q pdf
|
| 020 |
|
|
|a 9786124191749
|q eBook
|q ePub
|
| 020 |
|
|
|a 6124191741
|q eBook
|q ePub
|
| 020 |
|
|
|z 9786124041457
|q versión impresa
|
| 020 |
|
|
|z 6124041456
|q versión impresa
|
| 050 |
1 |
4 |
|a QP552.N39 ebook
|
| 082 |
0 |
4 |
|a 612.015756
|
| 100 |
1 |
|
|a Coveñas Rodríguez, Rafael,
|e author.
|
| 245 |
1 |
0 |
|a Avances en neurociencias :
|b neuropeptidos: investigación básica y clínica /
|c Rafael Coveñas Rodríguez, Luis Ángel Aguilar Mendoza.
|
| 246 |
3 |
0 |
|a Neuropeptidos
|
| 264 |
|
1 |
|a Lima :
|b UPC, Universidad Peruana de Ciencias Aplicadas,
|c [2015]
|
| 300 |
|
|
|a 1 online resource. :
|b illustrations.
|
| 336 |
|
|
|a text
|b tx
|2 rdacontent
|
| 337 |
|
|
|a computer
|b c
|2 rdamedia
|
| 338 |
|
|
|a online resource
|b cr
|2 rdacarrier
|
| 347 |
|
|
|a text file
|2 rdaft
|
| 347 |
|
|
|b PDF
|
| 347 |
|
|
|b EPUB
|
| 504 |
|
|
|a Includes bibliographical references.
|
| 588 |
0 |
|
|a Online resource; title from PDF title page (Digitalia, viewed July 28, 2020)
|
| 650 |
|
0 |
|a Neuropeptides.
|
| 655 |
|
0 |
|a Electronic books.
|
| 700 |
1 |
|
|a Aguilar Mendoza, Luis Ángel,
|d 1965-,
|e author.
|
| 791 |
2 |
|
|a Digitalia (Firm),
|e distributor.
|
| 793 |
0 |
|
|g Digitalia eBook Collection:
|a Universidad Peruana de Ciencias Aplicadas
|
| 776 |
0 |
8 |
|i Print version:
|a Coveñas Rodríguez, Rafael.
|t Neuropeptidos.
|b Primera edición.
|d Lima : UPC, Universidad Peruana de Ciencias Aplicadas, 2010
|z 9786124041457
|w (OCoLC)772582311
|
| 856 |
4 |
0 |
|3 Digitalia Hispánica
|u https://www.digitaliapublishing.com/a/45565/
|
| 910 |
|
|
|a Premium collection: 2020
|